Who is this Wheel of Time Darkfriend? - Statistics

General Stats
  • This quiz has been taken 45 times
  • The average score is 7 of 25
Answer Stats
Hint Answer % Correct
A Shienaran who finds his way back to the Light Ingtar Shinowa
88%
A Seanchan who didn't become Empress, may she live forever Suroth Sabelle Meldarath
81%
An Andoran who hid a body in a well Daved Hanlon
62%
A Murandian who attains many names during his huntings Padan Fain
62%
A Cairhienin with a special door in his garden Barthanes Damodred
50%
An Aiel employed by the bees Melindhra
46%
A Tairen who had "Darkfriend" written all over his eyes Weiramon Saniago
38%
An Aes Sedai who swore too many oaths Galina Casban
31%
A Saldaean who sold a hat Hadnan Kadere
31%
A rescued Saldaean who rose too high Mazrim Taim
31%
An Amadician who finds new loyalties in Malden Aravine Carnel
23%
Lightning struck the inn where he dwelt Howal Gode
23%
An Andoran who could not become Aes Sedai Mili Skane
23%
A Domani who was once Keeper of the Chronicles Duhara Basaheen
19%
A Taraboner who was murdered with a stake through her chest Ispan Shefar
19%
A Malkieri who plotted with the wrong sort of Aes Sedai Ryne Venamar
19%
An Aes Sedai who was killed in a ter'angreal for killing too much Jarna Malari
15%
A Taraboner killed by a knife under watch from the Guardian Peral Torval
15%
A Yellow in a Heart with a Brown and a Gray Atuan Larisett
12%
A Warder who everyone thought was married to an Aes Sedai Fearil
12%
An Andoran who tries to rescue a queen Paitr Conel
12%
A Saldaean who died in a house in Full Moon Street Venr Kosaan
12%
A man who never smiled but was good with a sword Barid Bel Medar
8%
A Malkieri hero who died in a duel Cowin Gemallan
8%
A Taraboner who questions and releases Aes Sedai Jaq Lounalt
8%
No matching quizzes found
Score Distribution
Percent of People with Each Score
Percentile by Number Answered
Your Score History
You have not taken this quiz